"خواطر حرة" قصص: نثر: زجل: شعر
محفوظ في:
المؤلف الرئيسي:
التنسيق: كتاب
اللغة: Undetermined
منشور في:
Alexandria
maktabat almirghny
الوسوم: إضافة وسم
لا توجد وسوم, كن أول من يضع وسما على هذه التسجيلة!
رقم الطلب: P33 AMIR
| LEADER | 00382nam a2200121Ia 4500 | ||
|---|---|---|---|
| 008 | 240404s9999||||xx |||||||||||||| ||und|| | ||
| 050 | 4 | |a P33 AMIR | |
| 100 | 1 | |a طاهر محمود العامرى. | |
| 245 | 1 | 0 | |a "خواطر حرة" قصص: نثر: زجل: شعر |c طاهر محمود العامرى |
| 264 | 1 | |a Alexandria |b maktabat almirghny | |
| 300 | |a 63 |c 17 | ||
| 942 | |2 lcc |c BK | ||
| 999 | |c 58115 |d 58115 | ||
